| 000 | 00894nam a2200193 a 4500 | ||
|---|---|---|---|
| 008 | 120416s1957 ||||||||||||||||| || u | ||
| 020 | _a0140214658 | ||
| 050 | _aHD 82 Bar | ||
| 100 | _aBaran, Paul A | ||
| 245 | 1 | 4 | _aThe political economy of growth |
| 260 |
_aNew York _bModern Reader Paperbacks _c1957 |
||
| 300 | _axli, 307p. | ||
| 350 | _a0.00 | ||
| 650 | _aPOLITICAL ECONOMY | ||
| 650 | 0 | _aECONOMICS | |
| 995 |
_aANNEX COLLECTION (Main Library) _D0.00 _e705542 _FCBU-MAIN LIBRARY (Kitwe) _H1 _I0.00 _jHD 82 Bar _M1 _UAVAILABLE _y003976 _ZAnnex Low-Usage Collection |
||
| 995 |
_aANNEX COLLECTION (Main Library) _D0.00 _e705543 _FCBU-MAIN LIBRARY (Kitwe) _H2 _I0.00 _jHD 82 Bar _M2 _UAVAILABLE _y003977 _ZAnnex Low-Usage Collection |
||
| 995 |
_aMAIN LIBRARY OPEN ACCESS _D0.00 _e737404 _FCBU-MAIN LIBRARY (Kitwe) _H1 _I0.00 _jHD 82 BAR _M3 _UAVAILABLE _WNov 1, 2006 _y52652 _ZMain Library Open Access Collection |
||
| 999 |
_c82028 _d82028 |
||